|
|
|
|
| LEADER |
00000nam0a2200000 4500 |
| 001 |
46867 |
| 005 |
20231031025126.0 |
| 035 |
|
|
|a (RuTPU)RU\TPU\book\48927
|
| 090 |
|
|
|a 46867
|
| 100 |
|
|
|a 20030128d1977 k y0rusy50 ca
|
| 101 |
0 |
|
|a rus
|
| 102 |
|
|
|a RU
|
| 105 |
|
|
|a a z 001zy
|
| 200 |
1 |
|
|a Разнозвенность полимеров
|f В. В. Коршак
|g Академия Наук СССР; Институт элементоорганических соединений
|
| 210 |
|
|
|a Москва
|c Наука
|d 1977
|
| 215 |
|
|
|a 301 с.
|c ил.
|
| 320 |
|
|
|a Библиогр. в конце глав.
|
| 320 |
|
|
|a Имен., предм. указ.: с. 277-298.
|
| 610 |
1 |
|
|a химия
|
| 610 |
1 |
|
|a полимеры
|
| 610 |
1 |
|
|a структура
|
| 610 |
1 |
|
|a полимеризация
|
| 610 |
1 |
|
|a поликонденсация
|
| 610 |
1 |
|
|a разнозвенность
|
| 675 |
|
|
|a 678
|v 3
|
| 700 |
|
1 |
|a Коршак
|b В. В.
|g Василий Владимирович
|
| 712 |
0 |
2 |
|a Академия наук СССР (АН СССР)
|b Институт элементоорганических соединений им. А. Н. Несмеянова (ИНЭОС)
|b (Москва)
|2 stltpush
|3 (RuTPU)RU\TPU\col\12434
|
| 801 |
|
1 |
|a RU
|b 63413507
|c 20030128
|g PSBO
|
| 801 |
|
2 |
|a RU
|b 63413507
|c 20140916
|g PSBO
|
| 942 |
|
|
|c BK
|